000 00835nam a22002417a 4500
005 20080711111158.0
008 080711t xxu||||| |||| 00| 0 eng d
010 _aENG-90527
020 _a0070221642
_c295.00
035 _aEN-74060
037 _bDBAD / PUB
040 _aDPL
_bEN
082 _a338.88
100 _aAswathappa, K.
_953341
245 _aInternational business /
_cby K. Aswathappa
250 _a3rd ed
260 _aNew Delhi
_bTata McGraw-Hill Publishing
_c2008
270 _a7 West Patel Nagar
_bNew Delhi
_e110008
300 _axxxi, 680p.
_c24cm.(pbk)
500 _aIncludes index
942 _2ddc
_cEN
_h338.88
_mASW
999 _c14438
_d14438